ARCHITECTURE CONCEPTUAL TO MANIFEST (Record no. 14240)
[ view plain ]
| 000 -LEADER | |
|---|---|
| fixed length control field | 00289nam a2200121Ia 4500 |
| 008 - FIXED-LENGTH DATA ELEMENTS--GENERAL INFORMATION | |
| fixed length control field | 260210s9999 xx 000 0 und d |
| 020 ## - INTERNATIONAL STANDARD BOOK NUMBER | |
| International Standard Book Number | 9788190852814 |
| 100 ## - MAIN ENTRY--PERSONAL NAME | |
| Personal name | KHULBUSHAN JAIN |
| 245 #0 - TITLE STATEMENT | |
| Title | ARCHITECTURE CONCEPTUAL TO MANIFEST |
| 260 ## - PUBLICATION, DISTRIBUTION, ETC. | |
| Name of publisher, distributor, etc. | AADI 2011 |
| 260 ## - PUBLICATION, DISTRIBUTION, ETC. | |
| Date of publication, distribution, etc. | 2011 |
| 942 ## - ADDED ENTRY ELEMENTS (KOHA) | |
| Koha item type | UG Books |
No items available.